000 00476nam a22001937a 4500
003 MPLRDC
005 20220104144326.0
008 210129b ||||| |||| 00| 0 eng d
020 _a957-557-937-2
082 _a293.21 QYBL-2
100 _a浅野八郎
245 _a科学命相
_c林娟如译
250 _a初版
260 _a
_b品冠文化出版社
_c1999
300 _b
490 _a生活广场. 3
650 _a相书--面相
942 _cBK
_o293.21 QYBL-2
999 _c48532
_d48522